01461nam a2200313 4500003000900000005001700009008004100026040004600067041000800113082002900121092000700150099003700157100005600194245010700250264006700357300003300424336002200457337002400479338003300503546004100536650005300577700004900630856005700679905001300736942001900749999001700768952018100785952018100966EG-GICUC20260121101220.0251113s1997 ua ||||fr|||| 00| 0 ara d a EG-GICUCbarac EG-GICUCd EG-GICUCerda0 aara04221a341.84bف ؤ . ا04221 aLaw1 12 341.84 ف ؤ . ا 19970 aفؤاد عبدالمنعم رياضeمؤلف.10a اصول تنازع القوانين /cفؤاد عبدالمنعم رياض،سامية راشد . a القاهرة :bدار النهضة العربية،c1997. a340 ؛ صفحةb c24 سم. 2rda contentatext 2rda mediaaComputer 2rda carrieraOnline Resource aالنص باللغة العربية1 aتنازع القوانينxقانون دولي0 aسامية راشد eمؤلف مشارك.40uhttps://fll.law.cu.edu.eg/fulltext/bks/B12-00894.pdf a75eYara 2ddcn0cBKe21 c43166d43166 00102ddc40718القانون الدولي الخاصaCUbLAW1d2025-11-13l0oLaw1 12 341.84 ف ؤ . ا 1997 1200894 C1pB12-00894r2025-11-13 17:44:00t1w2025-11-13yBK 00102ddc40708القانون الدولي الخاصaCUbLAW1d2025-11-15l0oLaw1 12 341.84 ف ؤ . ا 1997 1201236 C2pB12-01236r2025-11-15 14:03:49t2w2025-11-15yBK